000 01096nam a22002777a 4500
999 _c63597
_d63597
005 20240530110649.0
008 171210s2016 su a f b 000 0 ara d
017 _a1436/4419
_bالسعودية . مكتبة الملك فهد الوطنية
020 _a9786038139950
040 _aEG-CaGPL
_cEG-CaGPL
082 0 4 _221
_a631.587 /
_bإ إ
100 0 _aابراهيم حسين السكرى
245 1 2 _aالاستخدام الامن للمياه العادمة فى الرى /
_cابراهيم حسين السكرى ، علاء فاروق ابوكيلة
250 _aط. 1
260 _aالرياض :
_bدار الزهراء ،
_c2016.
300 _a278 ص. :
_bايض ؛
_c24 سم.
504 _aيشتمل على ارجاعات ببليوجرافية
650 0 7 _2qrmak
_aالرى
650 0 7 _2qrmak
_aهندسة الرى
650 0 7 _2qrmak
_aإصلاح الاراضى
650 0 7 _2qrmak
_aمصادر المياه
651 _2qrmak
700 0 _aعلاء فاروق ابوكيلة
_eمؤلف مشارك
942 _2ddc
_cBK